Statistics for bratayley

Click here to take the quiz!

General Stats

  • This quiz has been taken 212 times
  • The average score is 10 of 15

Answer Stats

HintAnswer% Correct
whats calebs middle namelogan
93%
how old was Hayley at the first video2
86%
how old was Caleb when he died13
83%
how many children are in the home3
83%
how many people are in the bratayley house hold5
83%
how old was caleb at the first video8
81%
how old was Annie at the first video6
80%
what year ws Caleb born in2002
77%
what is the dads nameBilly
76%
Where does the Bratayley family liveMaryland
71%
What is Pipers new friend calledWinnie
61%
what does Hayley call herself when her hair is straightmolly
59%
what gym does Annie go tofirst class gym
27%
what gym does Hayley go toNastics
17%
what sport does caleb playbaceball
14%

Score Distribution

Percentile by Number Answered

Percent of People with Each Score

Your Score History

You have not taken this quiz